Countries Most Similar To Australia - Statistics

General Stats
  • This quiz has been taken 218 times
  • The average score is 13 of 20
Answer Stats
Rank Country Score % Correct
1 New Zealand 81.5
98%
2 UK 74.8
96%
5 US 71.8
95%
3 Canada 73.7
92%
8 Germany 66
82%
4 Ireland 72.9
80%
11 France 63.7
77%
14 Spain 63.2
72%
7 Sweden 66.1
69%
6 Norway 66.4
68%
10 Denmark 65.4
64%
9 Netherlands 65.7
62%
13 Switzerland 63.3
60%
15 Austria 63
55%
12 Belgium 63.6
54%
16 Iceland 62.9
44%
17 Luxembourg 62.7
41%
18 Czechia 61.1
29%
19 Argentina 60.9
21%
20 Latvia 60.7
15%
No matching quizzes found
Score Distribution
Percent of People with Each Score
Percentile by Number Answered
Your Score History
You have not taken this quiz